Rowan v Dann (Record no. 37946)

MARC details
000 -LEADER
fixed length control field 01285cab a2200217 4500
001 - CONTROL NUMBER
control field ABS47266
008 - FIXED-LENGTH DATA ELEMENTS--GENERAL INFORMATION
fixed length control field 090401t1992 xxu||||| |||| 00| 0 eng d
035 ## - SYSTEM CONTROL NUMBER
System control number (Sirsi) u61300
041 ## - LANGUAGE CODE
Language code of text/sound track or separate title eng
245 ## - TITLE STATEMENT
Title Rowan v Dann
260 ## - PUBLICATION, DISTRIBUTION, ETC.
Date of publication, distribution, etc. 1992
350 ## - PRICE (NR) (BK AM CF MU VM SE) [OBSOLETE]
Price 0
490 ## - SERIES STATEMENT
Series statement Property and Compensation Reports
Volume/sequential designation (1992) 64 PCR 202-213(6)
520 ## - SUMMARY, ETC.
Summary, etc. CA 4 December 1991. R was a farmer who was afraid that creditors might be able to take possession of his land and granted two tenancies at market rents to D with whom he was engaged in discussions about a joint venture which would have involved using R`s land. No rent was ever paid as R retained shooting rights over the land, although it was agreed that these were not as valuable as the rent. The court found that the leases were a sham to keep off creditors so that the land would remain available for the joint venture. R appealed but this was dismissed on the grounds that as the joint venture failed the land had reverted to him and was therefore an asset to be taken by his creditors.
650 ## - SUBJECT ADDED ENTRY--TOPICAL TERM
Topical term or geographic name entry element PROPERTY-LANDLORD AND TENANT-TENANCIES-AGRICULTURAL TENANCIES
650 ## - SUBJECT ADDED ENTRY--TOPICAL TERM
Topical term or geographic name entry element JOINT VENTURE
650 ## - SUBJECT ADDED ENTRY--TOPICAL TERM
Topical term or geographic name entry element SHAM TENANCIES
690 ## - LOCAL SUBJECT ADDED ENTRY--TOPICAL TERM (OCLC, RLIN)
Topical term or geographic name as entry element LANDLORD AND TENANT-CASE LAW-AGRICULTURAL TENANCIES
942 ## - ADDED ENTRY ELEMENTS (KOHA)
Suppress in OPAC 0
948 ## - LOCAL PROCESSING INFORMATION (OCLC); SERIES PART DESIGNATOR (RLIN)
c (OCLC) 04/03/1997
Holdings
Withdrawn status Lost status Source of classification or shelving scheme Damaged status Not for loan Home library Current library Shelving location Date acquired Total Checkouts Full call number Barcode Date last seen Copy number Price effective from Koha item type
    Dewey Decimal Classification     London London Journal article 14/09/1999   ABS47266 61300-1001 06/08/2019 1 06/08/2019 Law report